Toutes les Techniques de Kevin Dragonfly/Someoka D'Inazuma Eleven - Statistiques

Statistiques générales
  • Ce quiz a été pris 81 fois
  • Le résultat moyen est 6 sur 8
Statistiques - réponses
Réponse Type de quiz Première Utilisation % Correct
Choc du Dragon TIR S1
100%
Choc de la Vouivre TIR S2
97%
Mégadragon TIR S3
97%
Tornade du Dragon TIR S1
97%
Blizzard de la Vouivre TIR S2
88%
Brise-Lunettes TIR S1
47%
Phénix Noir TIR S2
47%
Triangle de la Mort Ultime TIR FILM
22%
Aucun quiz correspondant
Distribution des résultats
% des personnes avec chaque résultat
Percentile par nombre de réponses
Votre historique - résultats
Vous n’avez pas pris ce quiz